| 000 | 00536nam a22002057a 4500 | ||
|---|---|---|---|
| 003 | OSt | ||
| 005 | 20150415143445.0 | ||
| 008 | 150415b xxu||||| |||| 00| 0 eng d | ||
| 020 | _a0443046794 | ||
| 040 | _cDNLM | ||
| 082 | _aWO 700 H865 1995 | ||
| 100 |
_aHuckstep R. L. _93881 |
||
| 245 |
_aAsimple Guide to Trauma / _cR. L. Huckstep |
||
| 250 | _a5th ed. | ||
| 260 |
_aLondon: _bChurchill LivingStone ; _c1995. |
||
| 300 |
_aviii, 514 p : _bill ; _c22 cm |
||
| 504 | _aIncludes index | ||
| 650 |
_aTrauma _92825 |
||
| 942 |
_2z _cSLOAN |
||
| 999 |
_c1470 _d1470 |
||